00902nam a2200217 a 4500001001000000003000900010005001700019007000300036008004100039040002500080082002900105100002900134245011300163260009100276300003000367500006300397651005900460651005900519651006600578700004000644000021326DO-SdBNP20230120110013.0ta100906s1999 dr c 000 0 spa d aDO-SdBNPbspacBNPHU a327.729307294bL817r2221 aLocward, Ángel,d1955-14aLas relaciones domínico-haitianas /cÁngel Lockward ; presentación José Nicolas Almánzar García. aSanto Domingo :bFundación de Estudios Económicos y PolíticosfCentenarioc1999. a46 p. :bretrs. ;c21 cm. aIncluye datos biográficos del autor en la contracubierta 4aRepública DominicanaxRelaciones ExterioreszHaití 4aHaitíxRelaciones ExterioreszRepública Dominicana 4aHaitíxEmigración E InmigraciónzRepública Dominicana1 aAlmánzar García, José Nicolas